Mixed Word: Zach Galifianakis Quiz Stats

 Plays Quiz not verified by Sporcle

Support Sporcle.
Go Orange.
Score 0/14 Timer 03:00
0 Plays Today
Mixed Word(s) Answer % Correct
Flwo AcpkWolf Pack
94.1%
Ued TaedDue Date
85.3%
EekgrGreek
85.3%
T'si Ndki fo a Yfnnu Rtyso It's Kind of a Funny Story
82.4%
Droeb ot AedthBored To Death
79.4%
RbaedBeard
76.5%
Ridnen Rfo HucsksmcDinner For Schmucks
70.6%
Mixed Word(s) Answer % Correct
Weneteb Wot ResfnBetween Two Ferns
67.6%
Ouyth ni VlotreYouth in Revolt
55.9%
Rothn AnilracoNorth Carolina
50%
CeomdinaComedian
47.1%
Rut LaiclngTru Calling
44.1%
Traym GguhnisMarty Huggins
32.4%
Laan EangrrAlan Garner
29.4%

You're not logged in!

Compare scores with friends on all Sporcle quizzes.
OR
Log In

From the Vault

The Doctor or The Who?

by Flick

You can guess whoever you like, as long as it's a Who!
Remove Ads.
Support Sporcle.
Get the best of Sporcle when you Go Orange. This ad-free experience offers more features, more stats, and more fun while also helping to support Sporcle. Thank you for becoming a member.

Show Comments

Extras

Top Quizzes Today


Score Distribution

Your Account Isn't Verified!

In order to create a playlist on Sporcle, you need to verify the email address you used during registration. Go to your Sporcle Settings to finish the process.

Report this User

Report this user for behavior that violates our Community Guidelines.

Details: